| 000 | 01085cam a2200145 4500500 | ||
|---|---|---|---|
| 005 | 20260329055946.0 | ||
| 041 | _afre | ||
| 042 | _adc | ||
| 100 | 1 | 0 |
_aMottet, Jean _eauthor |
| 700 | 1 | 0 |
_aMotte dit Falisse, Jean _eauthor |
| 245 | 0 | 0 | _aSérie télévisée et espace domestique : La télévision, la maison, le monde |
| 260 |
_bL'Harmattan,
_c2005. |
||
| 520 | _aA l'heure où, du Loft à La Ferme, la télé-réalité multiplie les "maisons-cages", ce livre interroge les changements apportés par la télévision dans l'expression de notre besoin primordial d'habitation. Où est la maison de la télévision ? Qu'est-ce qui la définit ? Aujourd'hui, en Europe, l'examen de nos fictions sérielles révèle la permanence d'un désir de maison. Souvent déterminés par la recherche d'un ancrage local qui fait sens, ces récits de longue durée semblent parfois ouvrir la possibilité encore inaperçue d'une autre manière d'habiter le monde. | ||
| 856 | 4 | 1 | _uhttps://shs.cairn.info/Serie-televisee-et-espace-domestique--9782747569095?lang=fr&redirect-ssocas=7080 |
| 999 |
_c2015919 _d2015919 |
||